000 00287nam a22001337a 4500
008 171016b xxu||||| |||| 00| 0 eng d
020 _a9780324591200
041 _aeng
080 _25 ED
_a33
100 _a52
101 _aECO
245 _aECONOMICS
_cHAKES.D.R
942 _2udc
_cBK
999 _c34173
_d34173